00257nam a2200097Ia 4500008004100000082001900041100002900060245002500089260003700114300000800151150731s2013 xx 000 0 und d a615.53bL 13 P aPANDAY DR. KOSHAL KISHOR aLAGHUSIDHANT KOMUDEE bCHAUKHAMBHA PUB. NEW DELHIc2013 a506